00942cam a2200301 a 450000100070000000500170000700800410002401000170006502000250008203500200010703500230012703500270015003500160017704000150019308200190020810000160022724500780024325000120032126000380033326300090037130000340038049000180041450000200043250501220045265000310057470000160060583000190062166439920220326193309.0880706s1988 nyua 001 0 eng  a 87045637  a0064352676 :c$22.50 a(OCoLC)16900351 a(OCoLC)ocm16900351 a(CStRLIN)NYCG88-B50651 a(NNC)664399 dNSbSUdRPB0 a709.047bL665b1 aLevin, Kim.10aBeyond modernism :bessays on art from the '70s and '80s /cby Kim Levin. a1st ed. aNew York :bHarper & Row,cc1988. a8803 axiv, 258 p. :bill. ;c24 cm.1 aIcon editions aIncludes index. tAcknowledgments tIntroductiontCap 1: Farewell to modernismtCap 2: Absence: the 70´stCap 3: Afterlife: the 80´s  0aArt, Moderny20th century. aLevin, Kim. 0aIcon editions.